Proceedings of the 5th International Conference on European Integration 2020 Collection

Salvato in:
Dettagli Bibliografici
Ente Autore: ICEI 2020. International Conference
Altri autori: Staníčková, Michaela, Melecký, Lukáš, Doleželová, Petra, Powadová, Tereza, Belardi, Jan, Dvoroková, Kateřina
Natura: Libro
Lingua:inglese
Pubblicazione: Ostrava VŠB - Technical University of Ostrava 2020
Edizione:1st Edition
Soggetti:
Tags: Aggiungi Tag
Nessun Tag, puoi essere il primo ad aggiungerne!!

MARC

LEADER 00000nam a2200000 4500
001 0270353
005 20240822101715.1
020 |a 978-80-248-4455-8 
020 |a 978-80-248-4456-5 
022 |a 2571-029X 
041 0 |a eng 
044 |a CZ 
245 1 0 |a Proceedings of the 5th International Conference on European Integration 2020  |b Collection  |c Editors: Michaela Staníčková, Lukáš Melecký, Petra Doleželová, Tereza Powadová ; Reviewers: Jan Belardi, Kateřina Dvoroková... [et al.] 
250 |a 1st Edition 
264 1 |a Ostrava  |b VŠB - Technical University of Ostrava  |c 2020 
300 |a 949 s. 
610 2 0 |a integrácia ekonomická medzinárodná 
610 2 0 |a spolupráca hospodárska medzinárodná 
610 2 0 |a vzťahy hospodárske medzinárodné 
700 1 |a Staníčková, Michaela 
700 1 |a Melecký, Lukáš 
700 1 |a Doleželová, Petra 
700 1 |a Powadová, Tereza 
700 1 |a Belardi, Jan 
700 1 |a Dvoroková, Kateřina 
110 2 |a ICEI 2020. International Conference